=LDR 00000nam 2200000 4500 =001 INLIS000000000048964 =005 20170117111048.0 =006 =007 =008 =020 ##$$a 978-979-29-4717-5 =035 ##$$0010-011700000000245 =040 ##$$a NBPDMAT =082 ##$$a 509 .2 =090 ##$$a 509 .2 Ism d =100 ##$$a Ismandi =245 ##$$a 200 Tokoh inspiratif penemu & pengubah Dunia / $c Oleh Ismandi & Eri Andwiatwoni ; Editor, Maya =260 ##$$a Yogyakarta : $b Andi, $c 2014 =300 ##$$a XII, 413 hlm . : $b Ilus . ; $c 25 cm =500 ##$$a Biblografi : hlm .403-412 =504 ##$$a Biografi : hlm 413 =650 ##$$a Kumpulan Biografi Indonesia =700 ##$$a Eri Adwiant0ni